Hunt Showdown: Was kostet das? -2- - Statistiken

Allgemein
  • Dieses Quiz wurde 8 mal gespielt
  • Das Durchschnittsergebnis liegt bei 7 aus 15
Antwortstatistiken
Gegenstand Preis in Hunt Dollar % Korrekt
Verbandtasche 30
75%
Handarmbrust Drachenbolzen 40
75%
Köder 6
75%
Regenerationspritze (Schwach) 20
63%
Munitionskiste 65
63%
Caldwell 92 Neue Armee 90
63%
Erstickungsbombe 25
50%
Flüssige Brandbombe 35
50%
Sparks LRR Schalldämpfer 150
38%
Romero 77 Handkanone 46
38%
Kavalleriesäbel 60
38%
Dolch 96 Präzision 790
38%
Nitro Express Gewehr 1015
25%
Vetterli 71 Karabiner Bajonett 155
13%
LeMat Mark II UpperMat 440
0%
Keine übereinstimmenden Quizze gefunden
Verteilung der Resultate
Anzahl Personen mit jedem Resultat
Perzentil nach korrekt beantworteten Fragen
Ihre Resultats-Entwicklung
Sie haben dieses Quiz noch nicht gespielt